000 00629nam a2200193 a 4500
001 000019073
005 20200929165920.0
008 100525s1982 pr a r 000 p spa d
040 _aDO-SdBNP
_bspa
_cBNPHU
082 _aPR861.44
_bH557f
100 1 _aHernández Muriel, Rodrigo
_941039
245 1 0 _aFractura del alma :
_bpininos, poesías /
_cRodrigo Hernández Muriel.
260 _aSan Juan, Puerto Rico :
_bPubligraph,
_c1982.
300 _a91 p. :
_bil: ;
_c22 cm.
500 _aIncluye espejo roto en la cubierta.
650 4 _aPoesía puertorriqueña
_91015
650 4 _aLiteratura puertorriqueña
_9250
049 _aBNGR
999 _c18591
_d18591